000 00432 a2200121 4500
001 ART_47620
005 20260410162006.0
008 260409a
245 1 0 _a¿Cómo han sido regulados los instrumentos públicos en el Código Civil y Comercial de la Nación?
100 1 _aCorna, Pablo M.
700 1 _aFossaceca, Carlos Alberto (h)
773 0 _tTemas de derecho civil
_g- Año 4, N° 9 (sep. 2018)
_wREV34778
999 _c31766
_d31766